101 Great Personalities (Record no. 12726)

MARC details
000 -LEADER
fixed length control field 00207nam a22000857a 4500
008 - FIXED-LENGTH DATA ELEMENTS--GENERAL INFORMATION
fixed length control field 241211b |||||||| |||| 00| 0 eng d
020 ## - INTERNATIONAL STANDARD BOOK NUMBER
International Standard Book Number 9789351866060
100 ## - MAIN ENTRY--PERSONAL NAME
Personal name Gandhi
9 (RLIN) 7821
245 ## - TITLE STATEMENT
Title 101 Great Personalities
Holdings
Withdrawn status Lost status Source of classification or shelving scheme Damaged status Koha normalized classification for sorting Not for loan Home library Current library Shelving location Date acquired Total Checkouts Full call number Barcode Date last seen Date last checked out Price effective from Koha item type
    Dewey Decimal Classification   GAN_920_020000000000000   Good Samaritan School Library Good Samaritan School Library History 12/11/2024 1 GAN920.02 GAN17732 12/16/2024 12/11/2024 12/11/2024 BOOK

Powered by Koha